| 000 | 01065nam a2200325 i 4500 | ||
|---|---|---|---|
| 001 | C2-0250991 | ||
| 003 | PPAK | ||
| 005 | 20240416150149.0 | ||
| 008 | 030805t19981998my f 0 may d | ||
| 020 |
_a9789836259103 _qpaperback |
||
| 040 |
_aPPAK _beng _cPPAK _erda |
||
| 082 | 0 | 4 |
_a899.23 _223 |
| 082 | 0 | 4 |
_a899.2309 _223 |
| 090 | 0 | 0 |
_a899.23 _bSOH _dG |
| 090 | 2 | 0 |
_a899.23 _bSOH _dKMI |
| 090 | 2 | 0 |
_a899.2309 _bSOH _dKHB |
| 100 | 0 |
_aSohaimi Abdul Aziz, _cDr., _d1960- _eauthor. |
|
| 245 | 1 | 0 |
_aRasa-Fenomenologi : _bPENERAPAN TERHADAP KARYA A. SAMAD SAID / _cSOHAIMI ABDUL AZIZ |
| 264 | 1 |
_aKuala Lumpur : _bDewan Bahasa dan Pustaka, _c1998 |
|
| 264 | 4 | _c©1998 | |
| 300 |
_axii, 325 pages ; _c22 cm |
||
| 336 |
_2rdacontent _atext |
||
| 337 |
_2rdamedia _aunmediated |
||
| 338 |
_2rdacarrier _avolume |
||
| 500 | _aIncludes index | ||
| 504 | _aBibliography: pages 303-315. | ||
| 600 | 0 | 0 |
_aA. Samad Said _q(Abdul Samad Said), _d1935- _xAuthorship |
| 650 | 1 | 0 |
_aMalay literature _xHistory and criticism |
| 942 |
_cB _2ddc |
||
| 999 |
_c64281 _d64281 |
||